000 00937cam a22002417a 4500
999 _c57427
_d57427
001 15549782
005 20221007114004.0
008 081209s2016 paua b 001 0 eng
020 _a9780323392563
041 _aeng
080 _a618.2 D-53
100 1 _aWoodward, Paula J.
_98560
245 1 0 _aDiagnostic imaging Obstetrics /
_b
_cPaula J. Woodward, Anne Kennedy, Roya Sohaey ; drawings, Lane R. Bennion, Richard Coombs, James A. Cooper ; image editing, Melissa Petersen ... [et al.] ; medical text editing, Richard H. Wiggins.
250 _athird ed.
264 _a[Philadelphia, Pa.] :
_bW.B. Saunders,
_c2016.
300 _a1090 p. :
_bill. (some col.) ;
_c28cm.
653 _aდიაგნოსტიკა
653 _aტომოგრაფია
653 _aმეანობა
700 1 _aKennedy, Anne.
_eავტორი
_98563
700 1 _aSohaey, Roya.
_eავტორი
_98564
942 _2udc
_cBK